Представление документа в формате RUSMARC

ПолеНазваниеЗначение
  Тип записи a
  Библиографический уровень m
001 Контрольный номер RU/REG73/CBS_GRAD2/669904901
005 Дата корректировки 20221122154853.3
010 Индекс ISBN __
a ISBN 978-5-94683-059-1
101 Язык документа __
a Язык текста rus
200 Заглавие и сведения об ответственности __
a Заглавие Дивизии шли на Берлин
f Первые сведения об ответственности А.С.Милюшов
b Общее обозначение материала Текст
203 Вид содержания и тип средства __
a Вид содержания Текст (визуальный) : непосредственный
210 Выходные данные __
a Место издания Димитровград
c Издательство Издательский Центр ЮНИПресс
d Дата издания 2012
215 Физическое описание __
a Объем 230 с.
686 Индексы других классификаций __
a Классификационный индекс 63.3(2...)
700 Автор __
a Фамилия Милюшов
g Полное личное имя Александр Семёнович
801 Источник записи _0
a Страна RU
b Организация RuCBSGrad
g Правила каталогизации PSBO
801 Источник записи _1
a Страна RU
b Организация RuCBSGrad
g Правила каталогизации PSBO
901 Тип документа __
t Тип документа m
981 __
b i
g e
2 isbdcontent
982 __
b n
2 isbdmedia
993 __
a 61851
b 35125
e 257092
f ЦГБ
h 0.00
i 257092
m 1
n 44278
o I
p 0.00
x 1
y 6
z 63.3(2...)
993 __
a 61852
b 35125
e 257091
f ЦГБ
h 0.00
i 257091
m 1
n 44278
o I
p 0.00
x 1
y 6
z 63.3(2...)
993 __
a 61853
b 35125
e 257093
f ЦГБ
h 0.00
i 257093
m 1
n 44278
o I
p 0.00
x 1
y 6
z 63.3(2...)